000 00473nam a2200181Ia 4500
005 20250326141406.0
008 250326s9999 xx 000 0 und d
037 _aTextbook
040 _aFMSL
_beng
_cFMSL
041 _aeng
_2eng
084 _qFMSL
100 _aSimpson Aln
_9744337
245 0 _aMastering word perfect 5.1
_cSimpson Aln
260 _aNew Delhi
_bNew Delhi, BPB Publication
_c1991
300 _a1083p
942 _cTB
999 _c1290089
_d1290089